The regulatory craft : (Record no. 4367)

000 -LEADER
fixed length control field nam a22 a 4500
005 - DATE AND TIME OF LATEST TRANSACTION
control field 20170529110342.0
008 - FIXED-LENGTH DATA ELEMENTS--GENERAL INFORMATION
fixed length control field 170529t2000 -us||||| |||| 00| 0 eng d
020 ## - INTERNATIONAL STANDARD BOOK NUMBER
International Standard Book Number 0815780656 (pbk. alk. paper)
040 ## - CATALOGING SOURCE
Original cataloging agency AKMAL
082 ## - DEWEY DECIMAL CLASSIFICATION NUMBER
Classification number 658.4 SPA
090 ## - LOCALLY ASSIGNED LC-TYPE CALL NUMBER (OCLC); LOCAL CALL NUMBER (RLIN)
Classification number (OCLC) (R) ; Classification number, CALL (RLIN) (NR) 658.4
Local cutter number (OCLC) ; Book number/undivided call number, CALL (RLIN) SPA
100 1# - MAIN ENTRY--PERSONAL NAME
Personal name Sparrow, Malcolm K.
9 (RLIN) 8512
245 14 - TITLE STATEMENT
Title The regulatory craft :
Remainder of title controlling risks, solving problems, and managing compliance /
Statement of responsibility, etc. Malcolm K. Sparrow.
260 ## - PUBLICATION, DISTRIBUTION, ETC.
Place of publication, distribution, etc. Washington, D.C. :
Name of publisher, distributor, etc. Brookings Institution Press,
Date of publication, distribution, etc. c2000.
300 ## - PHYSICAL DESCRIPTION
Extent xxii, 346 p. :
Other physical details ill. ;
Dimensions 23 cm
500 ## - GENERAL NOTE
General note "Council for Excellence in Government."
504 ## - BIBLIOGRAPHY, ETC. NOTE
Bibliography, etc. note Includes bibliographical references (p. 315-334) and index.
505 0# - FORMATTED CONTENTS NOTE
Formatted contents note pt. 1. The challenges of regulation. Pressures. Ideas. Party politics. Customer service : merits and limits. Process improvement : merits and limits <br/>pt. 2. The emergence of regulatory craftsmanship. Innovations. The elements of reform. The search for results that count. Problem solving : a different kind of work. The stages of problem solving. The problem-solving infrastructure. The Boston gun project. Of strategies reactive, preventive, and proactive. Balanced versus integrated compliance strategies <br/>pt. 3. The elusive art of risk control. Centrality of the risk control challenge. Finding resources, making space. Managing discretion. Intelligence and analysis<br/>pt. 4. Demonstrating results. Measuring a risk control performance. Connecting the fabric. Conclusion.
650 10 - SUBJECT ADDED ENTRY--TOPICAL TERM
Topical term or geographic name entry element Trade regulation
Geographic subdivision United States.
9 (RLIN) 4344
650 10 - SUBJECT ADDED ENTRY--TOPICAL TERM
Topical term or geographic name entry element Industrial policy
Geographic subdivision United States.
9 (RLIN) 3785
650 10 - SUBJECT ADDED ENTRY--TOPICAL TERM
Topical term or geographic name entry element Compliance
Geographic subdivision United States.
9 (RLIN) 8513
650 10 - SUBJECT ADDED ENTRY--TOPICAL TERM
Topical term or geographic name entry element Administrative procedure
Geographic subdivision United States.
9 (RLIN) 8514
650 10 - SUBJECT ADDED ENTRY--TOPICAL TERM
Topical term or geographic name entry element Government paperwork
Geographic subdivision United States.
9 (RLIN) 8515
942 ## - ADDED ENTRY ELEMENTS (KOHA)
Source of classification or shelving scheme
Koha item type Book
950 ## - LOCAL HOLDINGS (RLIN)
Permanent shelving location, LOC (RLIN) AKMAL
Holdings
Withdrawn status Lost status Source of classification or shelving scheme Damaged status Not for loan Collection code Home library Current library Shelving location Date acquired Inventory number Total Checkouts Full call number Barcode Date last seen Price effective from Koha item type
          NON-FICTION AKMAL Melaka AKMAL Melaka RUJUKAN 29.05.2017 602520   658.4 SPA 201706449 29.05.2017 29.05.2017 Book
Pusat Sumber Maklumat Dato' Haji Sarmin Md Hussin, Akademi Kastam Diraja Malaysia, Melaka
Tel: 06-2331106 | Faks: 06-2313787